000 00501nam a22001697a 4500
005 20250113163036.0
008 250113b |||||||| |||| 00| 0 eng d
020 _a978-1-59139-761-8
050 _aHD 30.23 .H37 2006
_bC.1
100 _aHARVARD BUSINESS ESSENTIAL
245 _aDECISION MAKING 5 STEPS TO BETTER RESULTS
260 _aBOSTON
_bHARVARD BUSINESS SCHOOL PRESS
_c2006
300 _aXIV, 168P.
500 _aBIBLIOGRAPHICAL REFERENCES
650 _aDecision making.
942 _2lcc
_cBK
999 _c214368
_d214368